Ownership, competition and regulation under privatization policy: the Sri Lankan experience (Record no. 77437)

000 -LEADER
fixed length control field 02330pab a2200217 454500
008 - FIXED-LENGTH DATA ELEMENTS--GENERAL INFORMATION
fixed length control field 180718b2007 xxu||||| |||| 00| 0 eng d
100 ## - MAIN ENTRY--PERSONAL NAME
Personal name Balasooriya, Asoka F.
245 ## - TITLE STATEMENT
Title Ownership, competition and regulation under privatization policy: the Sri Lankan experience
260 ## - PUBLICATION, DISTRIBUTION, ETC.
Date of publication, distribution, etc. 2007
300 ## - PHYSICAL DESCRIPTION
Extent p.611-28.
362 ## - DATES OF PUBLICATION AND/OR SEQUENTIAL DESIGNATION
Dates of publication and/or sequential designation Dec
520 ## - SUMMARY, ETC.
Summary, etc. In response to the global shift from command-based economies to market economies, Sri Lanka liberalized its economy in 1977. Liberalization includes three main components, i.e. institutional reforms, removal of barriers to market entry, and creation of proper regulatory regimes. Privatization as one of the strategies under liberalization, however, became the prominent policy adopted in the second wave of liberalization that took place in Sri Lanka in the mid- 1980s. This was aimed at not only reducing the fiscal and administrative burdens of a large public enterprise sector, but also to stimulate private sector development and to inspire greater government accountability. The fundamentals for successful implementation were, however, the change in ownership, the designing of policies to stimulate competition and changes in the regulatory regime with capable institutions. This article explores and analyses the extent to which the prevailing socio-political culture of the country has influenced these three dimensions of the reforms that have taken place in the public utility sectors in Sri Lanka. It argues that if any of the three dimensions of privatization - that is, ownership, competition and regulation - are not taken into serious consideration, the expected outcomes would not be met. The arguments are built up under the same three pillars of privatization using primary and secondary data. It also highlights the importance of putting equal emphasis on all three dimensions of liberalization instead of pure organizational reforms. However, successful implementation is also subject to the availability of domestic conditions that are supportive of reforms. - Reproduced.
650 ## - SUBJECT ADDED ENTRY--TOPICAL TERM
Topical term or geographic name entry element Liberalization - Sri Lanka
650 ## - SUBJECT ADDED ENTRY--TOPICAL TERM
Topical term or geographic name entry element Economic liberalization - Sri Lanka
650 ## - SUBJECT ADDED ENTRY--TOPICAL TERM
Topical term or geographic name entry element Economic liberalization
700 ## - ADDED ENTRY--PERSONAL NAME
Personal name Coghill, Ken
700 ## - ADDED ENTRY--PERSONAL NAME
Personal name Alam, Quamrul
773 ## - HOST ITEM ENTRY
Main entry heading International Review of Administrative Sciences
908 ## - PUT COMMAND PARAMETER (RLIN)
Put command parameter N
909 ## -
-- 77437
Holdings
Withdrawn status Lost status Damaged status Not for loan Permanent Location Current Location Date acquired Serial Enumeration / chronology Barcode Date last seen Price effective from Koha item type
        Indian Institute of Public Administration Indian Institute of Public Administration 2018-07-19 Volume no: 73, Issue no: 4 AR77897 2018-07-19 2018-07-19 Articles

Powered by Koha